Break the code! (Guessing game) - Statistics

General Stats
  • This quiz has been taken 39 times
  • The average score is 58 of 81
Answer Stats
Question Tile Select % Correct
Break the code! hint: Mathwise, 300 plus 67 equals- you know it? You know the answer! 3 Yes
93%
Break the code! hint: Mathwise, 300 plus 67 equals- you know it? You know the answer! 6 Yes
93%
Break the code! hint: Mathwise, 300 plus 67 equals- you know it? You know the answer! 1 No
90%
Break the code! hint: Mathwise, 300 plus 67 equals- you know it? You know the answer! 2 No
90%
Break the code! hint: Mathwise, 300 plus 67 equals- you know it? You know the answer! 4 No
90%
Break the code! hint: Mathwise, 300 plus 67 equals- you know it? You know the answer! 5 No
90%
Break the code! hint: Mathwise, 300 plus 67 equals- you know it? You know the answer! 7 Yes
90%
Break the code! hint: Mathwise, 300 plus 67 equals- you know it? You know the answer! 8 No
90%
Break the code! hint: Mathwise, 300 plus 67 equals- you know it? You know the answer! 9 No
90%
Break the code!Hint: Mathwise, 2,000 plus 367 equa- You still know it? Nice! You know the answer! 2 Yes
86%
Break the code!Hint: Mathwise, 2,000 plus 367 equa- You still know it? Nice! You know the answer! 3 Yes
86%
Break the code!Hint: Mathwise, 2,000 plus 367 equa- You still know it? Nice! You know the answer! 6 Yes
86%
Break the code!Hint: Mathwise, 2,000 plus 367 equa- You still know it? Nice! You know the answer! 7 Yes
86%
Break the code! Hint: What is 497 and 265 combined? 8 No
86%
Break the code!Hint: Mathwise, 2,000 plus 367 equa- You still know it? Nice! You know the answer! 1 No
83%
Break the code! Hint: What is 497 and 265 combined? 1 No
83%
Break the code! Hint: What is 290 plus 75? 1 No
83%
Break the code!Hint: Mathwise, 2,000 plus 367 equa- You still know it? Nice! You know the answer! 4 No
83%
Break the code! Hint: What is 290 plus 75? 4 No
83%
Break the code!Hint: Mathwise, 2,000 plus 367 equa- You still know it? Nice! You know the answer! 5 No
83%
Break the code! Hint: What is 290 plus 75? 7 No
83%
Break the code!Hint: Mathwise, 2,000 plus 367 equa- You still know it? Nice! You know the answer! 8 No
83%
Break the code! Hint: What is 290 plus 75? 8 No
83%
Break the code!Hint: Mathwise, 2,000 plus 367 equa- You still know it? Nice! You know the answer! 9 No
83%
Break the code! Hint: What is 290 plus 75? 2 No
79%
Break the code! Hint: What is 290 plus 75? 5 Yes
79%
Break the code! Hint: Mathwise... 2 plus 5 plus 10 minus 4 6 No
79%
Break the code! Hint: Mathwise... 2 plus 5 plus 10 minus 4 7 No
79%
Break the code! Hint: Mathwise... 2 plus 5 plus 10 minus 4 8 No
79%
Break the Code! Hint: Do you know many countries there are in the world? Yes? You know the answer! 8 No
79%
Break the code! Hint: What is 290 plus 75? 9 No
79%
Break the code! Hint: Mathwise... 2 plus 5 plus 10 minus 4 9 No
79%
Break the code! Hint: Mathwise... 2 plus 5 plus 10 minus 4 1 Yes
76%
Break the code! Hint: What is 497 and 265 combined? 3 No
76%
Break the code! Hint: What is 290 plus 75? 3 Yes
76%
Break the Code! Hint: Do you know many countries there are in the world? Yes? You know the answer! 3 No
76%
Break the code! Hint: In math the classic 6 plus 6 plus 6 plus 3. 3 No
76%
Break the code! Hint: How many states are in brazil? 4 No
76%
Break the code! Hint: Mathwise... 2 plus 5 plus 10 minus 4 4 No
76%
Break the code! Hint: Mathwise... 2 plus 5 plus 10 minus 4 5 No
76%
Break the code! Hint: In math the classic 6 plus 6 plus 6 plus 3. 5 No
76%
Break the code! Hint: What is 290 plus 75? 6 Yes
76%
Break the code! Hint: In math the classic 6 plus 6 plus 6 plus 3. 6 No
76%
Break the code! Hint: In math the classic 6 plus 6 plus 6 plus 3. 7 No
76%
Break the code! Hint: In math the classic 6 plus 6 plus 6 plus 3. 9 No
76%
Break the code! Hint: How many states are in brazil? 1 No
72%
Break the code! Hint: In math the classic 6 plus 6 plus 6 plus 3. 1 Yes
72%
Break the code! Hint: What is 497 and 265 combined? 2 Yes
72%
Break the code! Hint: Mathwise... 2 plus 5 plus 10 minus 4 2 No
72%
Break the code! Hint: In math the classic 6 plus 6 plus 6 plus 3. 2 Yes
72%
Break the code! Hint: Mathwise... 2 plus 5 plus 10 minus 4 3 Yes
72%
Break the Code! Hint: Do you know many countries there are in the world? Yes? You know the answer! 4 No
72%
Break the code! Hint: How many provinces and territories are there in Canada? If you do know it, then you know the answer. 4 No
72%
Break the code! Hint: In math the classic 6 plus 6 plus 6 plus 3. 4 No
72%
Break the code! Hint: What is 497 and 265 combined? 7 Yes
72%
Break the code! Hint: How many states are in brazil? 7 No
72%
Break the Code! Hint: Do you know many countries there are in the world? Yes? You know the answer! 7 No
72%
Break the code! Hint: How many provinces and territories are there in Canada? If you do know it, then you know the answer. 7 No
72%
Break the code! Hint: In math the classic 6 plus 6 plus 6 plus 3. 8 No
72%
Break the Code! Hint: Do you know many countries there are in the world? Yes? You know the answer! 2 No
69%
Break the code! Hint: How many states are in brazil? 5 No
69%
Break the code! Hint: What is 497 and 265 combined? 6 Yes
69%
Break the code! Hint: How many states are in brazil? 9 No
69%
Break the Code! Hint: Do you know many countries there are in the world? Yes? You know the answer! 1 Yes
66%
Break the code! Hint: How many provinces and territories are there in Canada? If you do know it, then you know the answer. 2 No
66%
Break the code! Hint: How many states are in brazil? 3 No
66%
Break the code! Hint: How many provinces and territories are there in Canada? If you do know it, then you know the answer. 5 No
66%
Break the code! Hint: How many provinces and territories are there in Canada? If you do know it, then you know the answer. 6 No
66%
Break the code! Hint: How many provinces and territories are there in Canada? If you do know it, then you know the answer. 8 No
66%
Break the code! Hint: How many provinces and territories are there in Canada? If you do know it, then you know the answer. 9 No
66%
Break the Code! Hint: Do you know many countries there are in the world? Yes? You know the answer! 9 Yes
62%
Break the code! Hint: How many states are in brazil? 8 No
59%
Break the code! Hint: How many provinces and territories are there in Canada? If you do know it, then you know the answer. 1 Yes
31%
Break the code! Hint: How many states are in brazil? 6 Yes
31%
Break the code! Hint: What is 497 and 265 combined? 5 Yes
28%
Break the code! Hint: How many states are in brazil? 2 Yes
24%
Break the code! Hint: How many provinces and territories are there in Canada? If you do know it, then you know the answer. 3 Yes
24%
Break the code! Hint: What is 497 and 265 combined? 9 Yes
24%
Break the code! Hint: What is 497 and 265 combined? 4 Yes
21%
Break the Code! Hint: Do you know many countries there are in the world? Yes? You know the answer! 6 No
21%
Break the Code! Hint: Do you know many countries there are in the world? Yes? You know the answer! 5 Yes
17%
No matching quizzes found
Score Distribution
Percent of People with Each Score
Percentile by Number Answered
Your Score History
You have not taken this quiz